Quantum Physics / (Record no. 180734)

000 -LEADER
fixed length control field 01511 a2200229 4500
003 - CONTROL NUMBER IDENTIFIER
control field Nust
005 - DATE AND TIME OF LATEST TRANSACTION
control field 20230712110743.0
010 ## - LIBRARY OF CONGRESS CONTROL NUMBER
LC control number 79007997
020 ## - INTERNATIONAL STANDARD BOOK NUMBER
International Standard Book Number 9971513137
040 ## - CATALOGING SOURCE
Transcribing agency Nust
082 00 - DEWEY DECIMAL CLASSIFICATION NUMBER
Classification number 530.12,GAS
100 1# - MAIN ENTRY--PERSONAL NAME
Personal name Gasiorowicz, Stephen
9 (RLIN) 96020
245 00 - TITLE STATEMENT
Title Quantum Physics /
Statement of responsibility, etc. Stephen Gasiorowicz
250 ## - EDITION STATEMENT
Edition statement 2nd edition
260 ## - PUBLICATION, DISTRIBUTION, ETC.
Place of publication, distribution, etc. New York :
Name of publisher, distributor, etc. Arno Press,
Date of publication, distribution, etc. 2000.
300 ## - PHYSICAL DESCRIPTION
Extent ca. 750 p. in various pagings ;
Dimensions 24 cm.
490 0# - SERIES STATEMENT
Series statement Three centuries of science in America
505 ## - FORMATTED CONTENTS NOTE
Formatted contents note The Limits of Classical Physics (Page-1), Wave Packets and the Uncertainty Relations (Page-27), The Schrodinger wave Equation(Page-45) Eignfuncations and Eignvalues (Page-57) One Dimensions Potentials (Page-75), The General Structure of Wave Mechanics (Page-111), Operator Methods in Quantum Mechanics (Page-127), N Particle Systems (Page-141), The Schrodinger Equations in three Dimensions (Page-155), Angular Momentum (Page-167), The Addition of Angular Moment a (Page-243), Time Independent Perturbation Theory (Page-255), The Real Hydrogen Atom (Page-271), The Helium Atom (Page-283), The Structure of Atoms (Page-299), Molecules (Page-313), Molecular Structure (Page-327), The Radiation Atoms (Page-341), Collision Theory (Page-379), The Absorption of Radiation in Matter (Page-409), Elementary Particles and Their Symmetries (Page-423), Special Topics (Page-459).
650 #0 - SUBJECT ADDED ENTRY--TOPICAL TERM
Topical term or geographic name entry element Physics
Geographic subdivision United States
General subdivision History.
9 (RLIN) 113566
650 #0 - SUBJECT ADDED ENTRY--TOPICAL TERM
Topical term or geographic name entry element Quantum theory
General subdivision History.
9 (RLIN) 113567
942 ## - ADDED ENTRY ELEMENTS (KOHA)
Source of classification or shelving scheme
Koha item type Book Bank
Holdings
Withdrawn status Lost status Source of classification or shelving scheme Damaged status Not for loan Permanent Location Current Location Shelving location Date acquired Full call number Barcode Date last seen Price effective from Koha item type Public note
          Military College of Signals (MCS) Military College of Signals (MCS) General Stacks 12/12/2016 530.12,GAS MCS30329 12/08/2016 12/12/2016 Book Almirah No.77, Shelf No.2
© 2023 Central Library, National University of Sciences and Technology. All Rights Reserved.